000 00494nmm a2200157Ia 4500
008 251105s9999||||xx |||||||||||||||||und||
020 _a9788425224379
041 _aspa
100 _aMontaner, Josep Maria
245 0 _aArquitectura y política :
_b Ensayos para mundos alternativos
264 _a[Madrid, España] :
_bEditorial Gustavo Gili,
_c2011
300 _a265 páginas
650 _aArchitecture & Sculpture
856 _uhttps://public.digitaliapublishing.com/a/41231
942 _cCF
999 _c80256
_d80256